000 01329nam a22003617a 4500
003 CHAP
005 20220329133815.0
008 110520s2009 mx a r 00010 spa d
010 _a11190
011 _a12162
020 _a9707034750
035 _a14356
040 _cCHAP
082 0 4 _a664.92097237
_bV71
100 1 _aVillalobos Guzmán, José Eugenio.
_9119434
245 1 0 _aCánones, ordenanzas, bandos, leyes, reglamentos, decretos y avisos del consumo de la carne en Valladolid - Morelia
_c/por José Eugenio Villalobos Guzmán
260 _aMorelia, Mich. :
_bMorevallado,
_c2009
300 _a297 p. :
_bilus.
590 _aBATCH-UPD
_b10
_c20130110
_lUCH01
_h0132
590 _aBATCH-UPD
_b10
_c20130110
_lUCH01
_h1122
590 _aBATCH-UPD
_b10
_c20130410
_lUCH01
_h0712
590 _aBATCH-UPD
_b10
_c20130914
_lUCH01
_h0846
590 _aCONVERSION
_b10
_c20130109
_lUCH01
_h1307
650 1 4 _aCarne
_xAbastecimiento.
_919054
650 1 4 _aCarne
_xConsumo.
_919067
650 1 4 _aCarne
_xIndustria
_xHistoria.
_919082
650 1 4 _aCarne
_xInvestigación.
_919088
650 1 4 _aCarne
_xLeyes.
_919089
901 _aBK
942 _cLIBRO
949 _a664.92097237 V71
_bBC
_cLIBRO
_d33724002251926
_eLIBRO
_fc.2
_gDonaciØn
_h114947
_i14356
_sb
949 _a664.92097237 V71
_bBC
_cLIBRO
_d33724002251967
_eLIBRO
_h114983
_i14356
_sb
999 _c11190
_d11190